The Everyday Language of White Racism : (Record no. 611463)

MARC details
000 -LEADER
fixed length control field 00527nam a2200193 a 4500
008 - FIXED-LENGTH DATA ELEMENTS--GENERAL INFORMATION
fixed length control field 260210s2008##################000#0#eng##
020 ## - INTERNATIONAL STANDARD BOOK NUMBER
ISBN 9781405184533
082 04 - DEWEY DECIMAL CLASSIFICATION NUMBER
Classification number 306.44089
Item number HIL
100 1# - MAIN ENTRY--AUTHOR NAME
Personal name Hill, Jane H.,
245 10 - TITLE STATEMENT
Title The Everyday Language of White Racism :
260 ## - PUBLICATION, DISTRIBUTION, ETC. (IMPRINT)
Name of publisher Wiley-Blackwell,
Year of publication 2008.
300 ## - PHYSICAL DESCRIPTION
Number of Pages 246 pages
650 #0 - SUBJECT ADDED ENTRY--TOPICAL TERM
Topical Term Language Arts & Disciplines.
942 ## - ADDED ENTRY ELEMENTS (KOHA)
Koha item type English Books

No items available.

Find us on the map